000 00595nam a2200241 a 4500
003 AR-BaBNM
005 20251128203154.0
008 082120s2002 ||||||||||||||000 | spa||
040 _cAR-BaBNM
100 1 _aBetti, Ugo
245 0 0 _aCuatro dramas
260 _aBuenos Aires
_bSudamericana
_c1957
300 _a313 p.
490 0 _aTeatro
650 4 _aLITERATURA ITALIANA
650 4 _aLITERATURA CONTEMPORANEA
653 _aDRAMATURGOS
655 _aLITERATURA
700 1 _aBressan, Alma
_etraductor
700 1 _aAudiffred, Jorge A.
_etraductor
942 _cBK
998 _cMARTIN
999 _c2221
_d2221